Statistics for Every Star Wars Film

Click here to take the quiz!

General Stats

  • This quiz has been taken 32 times
  • The average score is 10 of 11

Answer Stats

YearEpisodeAnswer% Correct
2016StoryRogue One
100%
2018StorySolo
100%
1977#4A New Hope
95%
1980#5The Empire Strikes Back
95%
1983#6The Return of the Jedi
95%
2019#9The Rise of Skywalker
95%
2015#7The Force Awakens
91%
2017#8The Last Jedi
91%
1999#1The Phantom Menace
86%
2002#2Attack of the Clones
82%
2005#3Revenge of the Sith
82%

Score Distribution

Percentile by Number Answered

Percent of People with Each Score

Your Score History

You have not taken this quiz